| 000 | 00691nam a22002057a 4500 | ||
|---|---|---|---|
| 005 | 20140303105936.0 | ||
| 008 | 140303t2008 ck abd gr|||| 00| 0 spa d | ||
| 020 | _a9789588097251 | ||
| 041 | _aspa | ||
| 044 | _ack | ||
| 082 |
_a630.098 _bR17e |
||
| 100 | 1 |
_aRamirez Builes, Victor Hugo _913220 |
|
| 245 | 1 |
_aElementos de agroclimatología _cVictor Hugo Ramirez Builes, Megh Raj Goyal |
|
| 260 | 3 |
_aRisaralda _bUnisarc _c2008 |
|
| 300 |
_a263 p. _bil., mapas, tablas, gráficas _c24 cm |
||
| 504 | _aIncluye bibliografía (páginas 231 y 232), glosario e indice | ||
| 650 | 4 |
_aAgronomía _xPrincipios Climaticos _zColombia _913221 |
|
| 700 | 1 |
_aGoyal, Megh Raj _913222 |
|
| 942 |
_2ddc _cImpreso |
||
| 999 |
_c8192 _d8192 |
||